01821nam a2200253 i 4500001001000000003000900010005001700019007000300036008004100039020001800080040003000098041000800128082002300136245011900159264007400278300005500352336002700407337003300434338002800467500007700495505093100572650002701503700003701530000020451DO-SdBNP20250731131909.0ta250127s2016 dr 000 0 spa d a9789945902341 aDO-SdBNPbspacBNPHUerda aspa 4aRD863.44bM66522203aLa minificción en Santo Domingo :buna muestra de escritura posmoderna /cselección y prólogo, Lauro Zavala. 4aSanto Domingo, República Dominicana : bEditora Nacional,c©2016. a179 páginas :bilustraciones, retratos ;c24 cm. atextobtxt2rdacontent asin mediaciónbn2rdamedia avolumenbnc2rdacarrier aIncluye datos biográficos del prologuista en la solapa de la cubierta. aPrólogo. La riqueza de la brevedad, 13.-- Emelda Ramos, 17.-- Yan Fuei Liao, 21.-- Jaime Tatem Brache, 25.-- Eduardo Gautreaux de Windt, 31.-- Camelia Michel, 35.-- Héctor Santana, 41.-- Inés García, 45.-- Iván Payano, 49.-- Bienvenida Mendoza B, 53.-- Bryan Luis, 57.-- Claret Martínez, 61.-- Valentín Amaro, 65.-- Daniel Olivo Polanco Valerio, 71.-- Diego López, 77.-- Eugenio Camacho, 83.-- Jesús Alcedo Sánchez, 89.-- Jimmy Féliz, 97.-- José Luis Moronta, 101.-- José Maximiliano Cimarro, 107.-- Juan José Namnún Tavárez, 111.-- Laura Sánchez, 115.-- Mildred del Pilar de los Santos, 121.-- Elly E. Alcántara P., 125.-- Clara Mercado, 129.-- Orly Diane Rodríguez, 133.-- Roxana Delgado, 139.-- Ruth Rodríguez, 143.-- Yirbett Joseph V., 147.-- Eulogio Javier, 151.-- Rodolfo Báez, 155.-- Niurca Herrera, 161.-- Francis Santos, 165.-- Ana Rosa Pérez, 169.-- Basilio Belliard, 175. 0aLiteratura dominicana.12aZavala, Lauro,eprologuista4pr.